000 00315nam a22001337a 4500
008 171019b xxu||||| |||| 00| 0 eng d
020 _a084767651-X
041 _aeng
080 _a338
100 _a53
101 _aMEN
245 _aCOMMUNITY ANALYSIS AND PLANNING TECHNIQUES
_cKLOSTERMAN,R.E
942 _2udc
_cBK
999 _c35019
_d35019